New Mantra Junior English Grammar and translation (Hindi-English)/ (Record no. 60959)
[ view plain ]
| 000 -LEADER | |
|---|---|
| fixed length control field | 00555nam a22001577a 4500 |
| 005 - DATE AND TIME OF LATEST TRANSACTION | |
| control field | 20120116121426.0 |
| 020 ## - INTERNATIONAL STANDARD BOOK NUMBER | |
| International Standard Book Number | 9788190942027 |
| Terms of availability | 250.00 |
| 037 ## - SOURCE OF ACQUISITION | |
| Stock number | DPL |
| Source of stock number/acquisition | PUB |
| 100 ## - MAIN ENTRY--PERSONAL NAME | |
| Personal name | Walia, B.S. |
| 245 ## - TITLE STATEMENT | |
| Title | New Mantra Junior English Grammar and translation (Hindi-English)/ |
| Statement of responsibility, etc | by B.S.Walia |
| 260 ## - PUBLICATION, DISTRIBUTION, ETC. (IMPRINT) | |
| Place of publication, distribution, etc | Panchkula |
| Name of publisher, distributor, etc | Nihal Publications |
| Date of publication, distribution, etc | 2011 |
| 270 ## - ADDRESS | |
| Address | Bharat Nagar, Kalka Bhind Railway Workshop Dist.Panchkula |
| City | Panchkula (Haryana) |
| Postal code | 133302 |
| Telephone number | 99104458719, 8826824203 |
| 300 ## - PHYSICAL DESCRIPTION | |
| Extent | 304p. |
| Dimensions | 24cm.(pbk) |
| 942 ## - ADDED ENTRY ELEMENTS (KOHA) | |
| Source of classification or shelving scheme | Dewey Decimal Classification |
| Item type | English Books |
| Call number suffix | WAL |
No items available.
